Gerencia de proyectos inmobiliarios / Oscar Borrero Ochoa [et-al] (Registro nro. 11502)

Detalles MARC
000 -LEADER
fixed length control field 00560nam a22001811a 4500
001 - CONTROL NUMBER
control field 11502
003 - CONTROL NUMBER IDENTIFIER
control field OSt
005 - DATE AND TIME OF LATEST TRANSACTION
control field 20260204212245.0
008 - FIXED-LENGTH DATA ELEMENTS--GENERAL INFORMATION
fixed length control field 121119s2009||||ck ||||||b||||||||||spa||
020 ## - NUMERO DE LIBRO INTERNACIONAL NORMALIZADO
International Standard Book Number 9789589247273
050 ## - LIBRARY OF CONGRESS CALL NUMBER
Classification number 658.404 G314p
245 ## - TÍTULO PROPIAMENTE DICHO: SUBTÍTULO
Title Gerencia de proyectos inmobiliarios / Oscar Borrero Ochoa [et-al]
264 ## - PRODUCTION, PUBLICATION, DISTRIBUTION, MANUFACTURE, AND COPYRIGHT NOTICE
Place of production, publication, distribution, manufacture Colombia: Biblioteca de la Construcción
300 ## - PHYSICAL DESCRIPTION
Extensión 296 p
650 ## - ASIENTO SECUNDARIO DE MATERIA -- TERMINO TEMÁTICO
Termino Temático Como Elemento de Entrada Gerencia de Proyectos 2.Proyectos Inmobibliarios Gerencia 3.Administración de Proyectos
700 ## - ASIENTO SECUNDARIO -- NOMBRE PERSONAL
Personal name Borrero Ochoa, OscarÌ
942 ## - ADDED ENTRY ELEMENTS (KOHA)
Source of classification or shelving scheme Dewey Decimal Classification
Koha item type Libros
Existencias
Withdrawn status Lost status Source of classification or shelving scheme Damaged status Not for loan Current library Date acquired Total Checkouts Full call number Barcode Date last seen Price effective from Koha item type
    Dewey Decimal Classification     Biblioteca UTECO 09/09/2019   658.404 G314P 016298 09/09/2019 09/09/2019 Libros
    Dewey Decimal Classification     Biblioteca UTECO 09/09/2019   658.404 G314P 016299 09/09/2019 09/09/2019 Libros
    Dewey Decimal Classification     Biblioteca UTECO 09/09/2019   658.404 G314P 016300 09/09/2019 09/09/2019 Libros
© 2021 Derechos Reservados UTECO - Teléfono: +1 809-585-2291 - Correo electrónico: biblioteca@uteco.edu.do​  
Código postal 43000 ​​
Dirección: Avenida Universitaria No. 100, 
Cotuí, Provincia Sánchez Ramírez, República Dominicana - RNC: 404-00059-6